Dizionario inglese-italiano /

Saved in:
Bibliografiske detaljer
Andre forfattere: Rizzo, Rosa Anna, Bertoni Galassi, Adriana
Format: Bog
Sprog:italiensk
Udgivet: Novara : Istituto Geografico De Agostini, c 1989
Udgivelse:Ed. fuori commercio
Serier:L'inglese per te
Tags: Tilføj Tag
Ingen Tags, Vær først til at tagge denne postø!

MARC

LEADER 00000nam a22000007i 4500
001 IT\ICCU\LIG\0023659
003 ItRI
005 20260115232431.0
008 060208s1989 it |||||| ||||| |||||c
040 |b ita  |c importazione bologna sebina 
041 7 |a ita  |2 ISO-639-2 
245 0 0 |a Dizionario inglese-italiano /  |c a cura di Rosa Anna Rizzo e di Adriana Bertoloni Galassi. 
250 |a Ed. fuori commercio 
260 |a Novara :  |b Istituto Geografico De Agostini,  |c c 1989 
300 |a XXIX, 360 p. ;  |c 15 cm. 
700 1 |a Rizzo, Rosa Anna  |0 IT\ICCU\CFIV\087374 
700 1 |a Bertoni Galassi, Adriana  |0 IT\ICCU\CFIV\087375 
830 2 |a L'inglese per te  |0 IT\ICCU\AQ1\0076893 
942 |2 ddc  |c BK  |n 0 
952 |0 0  |1 0  |4 0  |6 DOC_423_510000000000000_RIZ  |7 0  |9 25675  |a BO  |b BO  |d 2026-01-15  |i 5800  |l 0  |o DOC 423.51 RIZ  |p BO5800  |r 2026-01-15 23:24:31  |w 2026-01-15  |x [Sebina 7] [1 v.]  |y BK  |z 1 v. 
999 |c 21784  |d 21784